03005nam a2200361 a 4500001001000000003001000010005001700020007000300037008003500040020001800075040003100093082002700124100005200151245013500203264006200338300002800400336002700428337003300455338002800488490002500516500007100541505160100612590002702213650004402240650002402284650004802308650005402356710004002410910004302450942001202493952012102505999001702626000043307 DO-SdBPM20260123105506.0ta140305s2014 dr 001 0 spa d a9789993446279 aDO-SdBPMbspacBPMSU drda 4a801.92bR789i 20142221 aRosario Candelier, Bruno,d1941-eautor 4aut. 13aLa intuición cuántica de la creación :bteoría metafísica y simbólica de la obra literaria /cBruno Rosario Candelier. aSanto Domingo :bAcademia Dominicana de la Lengua,c2014. a458 páginas ;c24 cm. atextobtxt2rdacontent asin mediaciónbn2rdamedia avolumenbnc2rdacarrier0 aPor las amenas liras aIncluye datos biográficos del autor en la solapa de la cubierta.0 aEl conocimiento intuitivo en el arte de la creación. Intuiciones y vivencias en el arte literario. Claves cuánticas y estéticas de la creación, 9.-- Percepción intuitiva y simbólica en la creación literaria, 35.-- Intuición metafísica y simbólica en el arte de la creación, 49.-- Voz personal, subjetiva y universal en la gestación de la obra, 63.-- Formación, intuición y revelación en el arte de creación, 73.-- La formación intelectual y estética, 85.-- Vertiente conceptual y operativa de la obra de creación, 97.-- El arte de la creación poética. La vía intuitiva del conocimiento, 111.-- La poesía como intuición de lo profundo. Conocimiento y vivencia de lo absoluto, 125.-- El conocimiento del mundo en la creación metafísica y cuántica, 147.-- Perspectiva metafísica y cuántica en la creación lírica y simbólica, 163.-- La inspiración literaria a la luz de la realidad cuántica, 173.-- Temas literarios complementarios. El protocolo narrativo en el arte de la novelación, 201.-- El sentido de la crítica literaria, 229.-- Presentación del poemario Navegar en lo seco de Noé Zayas, 241.-- Metafísica de la revelación en la poesía de Pedro José Gris, 265.-- Presentación de Sínsoras, obra poética de José Luis Vega, 281.-- Diálogo sobre la creación literaria, 289.-- Diálogo sobre la metafísica y la creación, 299.-- Cartas y correos del Interiorismo. Cartas y correos del Interiorismo, 323.-- Conclusión. Presentación de la belleza y el sentido, 447.-- Bruno Rosario Candelier, 453. aInventariado, 2026/ VM 7aCreación literaria, artística, etc. 7aPoesía dominicana 7aLiteratura dominicanaxHistoria y crítica 7aAutores dominicanosxCrítica e interpretación2 aAcademia Dominicana de la Historia  aVMateo V. Control de la calidad BPMSU  2ddccBK 00102ddc708CDaBPMETbBPMETd2026-01-23l0oBPMSU CD 801.92 R789i 2014pBPMSU26010035r2026-01-23w2026-01-23yBK c15621d15621